000 00313nam a2200121 a 4500
001 4140
005 20140414131858.0
008 090218s19uu xx 00 eng d
050 _aFIL
_bD54 1991
100 _aChorengel, Marla Yotoko
245 _aDikya, the jellyfish :
_band why it has no bones.
999 _c110556
_d110556